书目信息 |
| 题名: |
鲍威尔言论
|
|
| 作者: | ;中共中央马克思恩格斯列宁斯大林著作编译局资料室 编 | |
| 分册: | ||
| 出版信息: | 北京 三联书店 1978 |
|
| 页数: | 498页 | |
| 开本: | 19cm | |
| 丛书名: | 机会主义、修正主义资料选编 | |
| 单 册: | ||
| 中图分类: | C08 | |
| 科图分类: | ||
| 主题词: | 社会科学--资产阶级理论--评论 , 社会科学--资产阶级理论--研究 , 社会科学--资产阶级理论 | |
| 电子资源: | ||
| ISBN: | ||
| 000 | 00910nam0 2200277 45 | |
| 001 | 0178003845 | |
| 005 | 20060818172406.17 | |
| 010 | @dCNY1.80 | |
| 091 | @a3002.194 | |
| 100 | @a19950713d1978 em y0chiy0121 ea | |
| 101 | 0 | @achi |
| 102 | @aCN@b110000 | |
| 105 | @ay z 000yy | |
| 200 | 10 | @a鲍威尔言论@Abao wei er yan lun@f中共中央马克思恩格斯列宁斯大林著作编译局资料室编 |
| 210 | @a北京@c三联书店@d1978 | |
| 215 | @a498页@d19cm | |
| 225 | @a机会主义、修正主义资料选编 | |
| 300 | @a内部发行 | |
| 410 | @12001 @a机会主义、修正主义资料选编 | |
| 606 | 0 | @a社会科学@x资产阶级理论@x评论 |
| 606 | 0 | @a社会科学@x资产阶级理论@x研究 |
| 606 | 0 | @a社会科学@x资产阶级理论 |
| 690 | @aC08 | |
| 711 | 02 | @a中共中央马克思恩格斯列宁斯大林著作编译局资料室@Azhong gong zhong yang make si en ge si lie ning si da lin zhu zuo bian yi ju zi liao shi@4编 |
| 801 | 0 | @aCN@bNLC@c20060818 |
| 905 | @f1@b7537@dC08@e3 | |
| 鲍威尔言论/中共中央马克思恩格斯列宁斯大林著作编译局资料室编.-北京:三联书店,1978 |
| 498页;19cm.-(机会主义、修正主义资料选编) |
| 内部发行 |
| ISBN :CNY1.80 |
| ● |
| 相关链接 |
|
|
|
|
正题名:鲍威尔言论
索取号:C08/3
 
预约/预借
| 序号 | 登录号 | 条形码 | 馆藏地/架位号 | 状态 | 备注 |
| 1 | 0007537 | 001853532 | 密集书库/ [索取号:C08/3] | 在馆 | |
| 2 | 0439926 | 204399267 | 密集书库/ [索取号:C08/3] | 在馆 | |
| 3 | 0469266 | 204692662 | 密集书库/ [索取号:C08/3] | 在馆 | |
| 4 | 0469299 | 204692993 | 密集书库/ [索取号:C08/3] | 在馆 |